| 000 | 00799nam a22002651 4500 | ||
|---|---|---|---|
| 001 | 24468 | ||
| 003 | BD-RjUL | ||
| 005 | 20211209001044.0 | ||
| 008 | 140313s1966 nyuabc b 001 0 eng | ||
| 035 | _a(BD-RjUL)24535 | ||
| 035 | _a(OCoLC)2522274 | ||
| 040 |
_aDLC _cO _dOCoLC _dOTU _dDLC _dBD-RjUL _beng |
||
| 041 | _aeng | ||
| 082 |
_a913.37036 _bPEE 1966 |
||
| 100 | 1 |
_aPerowne, Stewart, _d1901- _975323 |
|
| 245 | 1 | 4 |
_aThe end of the Roman world / _cStewart Perowne |
| 260 |
_aNew York : _bCrowell, _cc1966. |
||
| 300 |
_axix, 172 p. : _bill., geneal. tables, 3 maps (2 fold.) ports. ; _c23 cm. |
||
| 504 | _aIncludes index. | ||
| 651 | 0 |
_aRome _xHistory _yEmpire, 284-476. _973056 |
|
| 651 | 0 |
_aRome _xCivilization. _966691 |
|
| 942 |
_2ddc _cBK |
||
| 999 |
_c24468 _d24468 |
||